Megközelíteni az egyetemest Beszélgetés Fülöp Antal íróval

Bibliographic Details
Main Authors: Fülöp, Antal, 1943- (Author), Németh Z., István (Author)
Format: Article
Language:Hungarian
PhysicalDescription:Fotogr. 1
Subjects:

MARC

LEADER 00000nab a2200000 a 4500
001 vtls000595771
003 SK-MaSNL
005 20260319073500.0
008 180331c1996 xo 0 hun
015 |a SNBRB19rr/mm-uuuuu 
035 |a CL0595910 
040 |a SNKBUCL  |b slo  |c SNKBUCL  |e AACR2 
041 0 |a hun 
044 |a xo  |c SK 
080 |a 82:929:894.511 (437.6)  |2 1981 
080 |a 894.511 (437.6)  |2 1981 
080 |a 929 Fülöp, Antal  |2 1981 
100 1 |a Fülöp, Antal,  |d 1943-  |4 aut  |9 99808 
245 1 0 |a Megközelíteni az egyetemest  |b Beszélgetés Fülöp Antal íróval  |c Antal Fülöp, István Németh Z. 
300 |b Fotogr. 1 
600 1 7 |a Fülöp, Antal  |d 1943-  |x rozhovory  |2 snkbucl  |9 998631 
655 7 |a články z novín a časopisov  |2 snkbucl  |9 267496 
655 7 |a články z odboru literárna veda a krásna literatúra  |2 snkbucl  |9 770045 
700 1 |a Németh Z., István  |4 aut  |9 697427 
773 0 |t Életünk  |g Roč. 1, č. 14 (1996), s. 10 
850 |a Slovenská národná knižnica v Martine  |a DSG001 
852 |a SNK  |b KIS3GCP 
958 |a BX 
958 |a RK 
958 |a HU 
958 |a LX 
958 |a SK 
992 |a RBX 
999 |c 1613674  |d 1615604